Programes de seguiment ecològic en espais naturals protegits : ponències presentades al Seminari ..., Barcelona, 10 i 11 de juny de 1993 ponències presentades al Seminari ..., Barcelona, 10 i 11 de juny de 1993
ISBN:
84-7794-371-0
Descripción Física:
162 p. ; 30 cm
Colección:
Monografies ; 22
Materias:
Espais naturals
MARC
| LEADER | 00000nam a2200000Ia 4500 | ||
|---|---|---|---|
| 001 | 11051 | ||
| 008 | 160829s1995 xx 000 0 cat d | ||
| 020 | |a 84-7794-371-0 | ||
| 080 | |a C-1-93 | ||
| 100 | |a Seminari sobre Programes de Seguiment Ecològic en Espais Naturals (1993 : Barcelona) |9 19915 | ||
| 245 | |a Programes de seguiment ecològic en espais naturals protegits : |b ponències presentades al Seminari ..., Barcelona, 10 i 11 de juny de 1993 | ||
| 260 | |a Barcelona : |b Diputació de Barcelona, Servei de Parcs Naturals, |c 1995 | ||
| 300 | |a 162 p. ; |c 30 cm | ||
| 490 | |a Monografies ; 22 | ||
| 590 | |a Textos en català, castellà, francès i anglès | ||
| 650 | |a Espais naturals |9 19916 | ||
| 710 | |a Barcelona (Catalunya : Província). |b Servei de Parcs Naturals |9 53492 | ||
| 901 | |a Arxiu | ||
| 942 | |n 1 | ||
| 952 | |0 0 |1 0 |4 0 |6 C193 |7 1 |9 41371 |a Arxiu |b Arxiu |d 2016-12-01 |l 0 |o C-1-93 |p 11051 |r 2016-12-01 00:00:00 |w 2016-12-01 |y ARXIU | ||
| 999 | |c 43178 |d 43178 | ||